000 01089cam a22003257a 4500
003 CHAP
005 20220329142325.0
008 000626d1999 us a r 00110 eng d
010 _a81735
011 _a82707
035 _a93208
040 _cCHAP
082 0 4 _a581.463
_bR6
100 0 0 _aRobinson, Harold.
_997988
245 1 0 _aGeneric and subtribal classification of american vernonieae
_c/by Harold Robinson
260 _aWashington, D. C. :
_bSmithsonian Institution Press,
_c1999.
300 _a116 p. :
_bilus.
490 0 _aSmithsonian contributions to botany
_v; 89
590 _aBATCH-UPD
_b10
_c20130110
_lUCH01
_h1254
590 _aBATCH-UPD
_b10
_c20130410
_lUCH01
_h0815
590 _aBATCH-UPD
_b10
_c20130914
_lUCH01
_h1417
590 _aCONVERSION
_b10
_c20130109
_lUCH01
_h1345
650 1 4 _aFlores
_xIdentificación.
_941382
650 1 4 _aVernonia.
_9118945
830 0 _aSmithsonian contributions to botany
_v; 89
_9107168
901 _aBK
905 _aMayto Villalobos S.
942 _cLIBRO
949 _a581.463 R6
_bBC
_cLIBRO
_d33724000779229
_eLIBRO
_h98140
_i93208
_sex
999 _c81735
_d81735